US State Demonyms on a Map - Statistics

General Stats
  • This quiz has been taken 115 times
  • The average score is 39 of 50
Answers on the Map
Answers color-coded by a green-red scale on the quiz's map according to % correct below.
 
Answer Stats
Demonym % Correct
Texan
95%
Alaskan
93%
Californian
93%
Georgian
93%
Iowan
93%
Hawaiian
91%
North Dakotan
91%
South Dakotan
91%
Floridian
90%
New Mexican
90%
Nebraskan
89%
Virginian
89%
Mississippian
88%
Nevadan
88%
New Yorker
88%
Idahoan
87%
Minnesotan
87%
Oklahoman
87%
Washingtonian
87%
West Virginian
87%
Ohioan
86%
Oregonian
86%
Arizonan
85%
Montanan
85%
North Carolinian
84%
South Carolinian
84%
Missourian
82%
Pennsylvanian
82%
Indianian
79%
Rhode Islander
79%
Coloradan
77%
Vermonter
75%
Kentuckian
74%
Alabamian
73%
Kansan
73%
Marylander
73%
Mainer
71%
Utahn
69%
Arkansan
65%
Illinoisan
64%
New Jerseyan
64%
Louisianian
63%
Delawarean
60%
Tennessean
58%
Wisconsinite
57%
Michigander
56%
Connecticuter
51%
Wyomingite
48%
New Hampshirite
44%
Massachusettsan
29%
No matching quizzes found
Score Distribution
Percent of People with Each Score
Percentile by Number Answered
Your Score History
You have not taken this quiz